Evaluación externa del impacto del Programa Oportunidades 2004 : salud : documento de evaluación /

El Programa de Desarrollo Humano Oportunidades es una iniciativa del Ejecutivo Federal para el combate a la pobreza en México; mediante transferencias de ingreso y la inversión en salud, nutrición y educación, se busca romper el círculo intergeneracional de la pobreza y contribuir al fortalecimiento...

Fuld beskrivelse

Guardado en:
Bibliografiske detaljer
Hovedforfatter: Hernández Prado, Bernardo (ed. e introd.)
Andre forfattere: Hernández Avila, Mauricio (edición e introducción) (edición e introducción), Escobar Latapí, Agustín (presentación) (presentación)
Format: Bog
Sprog:spansk
Udgivet: Cuernavaca, México : México : Instituto Nacional de Salud Pública ; CIESAS, 2005, c2005
Fag:
Tags: Tilføj Tag
Ingen Tags, Vær først til at tagge denne postø!

MARC

LEADER 00000nam^a2200000^a^4500
001 000184687
005 20250521000000.0
009 20260310102123.466
020 |a 968-6502-91-2 
037 |a Acervo ITESO - Biblioteca 
041 |a ESP 
082 |a 362. 580972  |b MEX PDH-eex 2004 V. 2 
100 |a Hernández Prado, Bernardo  |e (ed. e introd.) 
240 1 1 |a [Evaluación del Programa de Desarrollo Humano Oportunidades] 
245 1 0 |a Evaluación externa del impacto del Programa Oportunidades 2004 :  |b salud : documento de evaluación /  |c Ed. de B. Hernández Prado, M. Hernández Avila ; presen. de B. Hernández Prado, M. Hernández Avila, A. Escobar Latapí. 
264 4 |a Cuernavaca, México :  |b Instituto Nacional de Salud Pública ;  |a México :  |b CIESAS,  |c 2005, c2005 
300 |a 330 p. 
336 |a texto  |b txt  |2 rdacontenido 
337 |a sin mediación  |b n  |2 rdamedio 
338 |a volumen  |b nc  |2 rdasoporte 
520 |a El Programa de Desarrollo Humano Oportunidades es una iniciativa del Ejecutivo Federal para el combate a la pobreza en México; mediante transferencias de ingreso y la inversión en salud, nutrición y educación, se busca romper el círculo intergeneracional de la pobreza y contribuir al fortalecimiento del desarrollo de las capacidades individuales y colectivas de la población beneficiada, la vez que se busca favorecer la vinculación de la ésta con nuevos programas de desarrollo que propicien la mejoría de sus condiciones socioeconómicas y de calidad de vida. El programa se evalúa con la finalidad tanto de mejorar la implementación de estrategias y acciones, como de documentar los efectos que produce en la población beneficiaria. En el presente volumen se evalúan los efectos en salud a mediano plazo del programa en zonas rurales y a corto plazo en zonas urbanas, hasta 2004: impacto en la morbilidad y el estado de salud de la población beneficiaria y en la utilización de los servicios de salud; impacto en los comportamientos de riesgo de los adolescentes y en sus consecuencias inmediatas; impacto en la salud reproductiva de la población beneficiaria; impacto sobre la obesidad y las enfermedades crónicas en áreas rurales; calidad de la atención médica para la población diabética; impacto sobre los conocimientos y prácticas de madres beneficiarias y jóvenes becarios: evaluación de las sesiones educativas para la salud. 
649 |a XX 
650 |a Administración de Proyectos 
650 |a Familia -  |z México -  |x Condiciones Económicas 
650 |a Adolescentes -  |z México -  |x Condiciones Sociales y Culturales 
650 |a Grupos de Riesgo -  |z México -  |x Condiciones Sociales y Culturales 
650 |a Pobreza -  |z México 
650 |a Marginación -  |z México 
650 |a Distribución del Ingreso -  |z México 
650 |a Igualdad y Desigualdad -  |z México 
650 |a Mortalidad -  |z México 
650 |a Morbilidad -  |z México 
650 |a Servicios Médicos y de Salud -  |z México 
650 |a Salud Reproductiva -  |z México 
650 |a Obesidad -  |z México 
650 |a Diabetes -  |z México 
650 |a Enfermedades Crónicas 
650 |a Salud Pública -  |z México 
650 |a Problemas Sociales -  |z México 
650 |a Programa de Desarrollo Humano Oportunidades -  |z México 
650 |a Programas Sociales -  |z México 
650 |a Programas Gubernamentales -  |z México 
650 |a Desarrollo Económico-Social -  |z México 
650 |a Desarrollo Económico-Social -  |z México 
650 |a Política Económica -  |z México 
650 |a Política Educativa -  |z México 
650 |a Política y Salud Pública -  |z México 
650 |a Política Social -  |z México 
650 |a Administración Pública -  |z México -  |x Historia -  |y 2000-2006 
650 |a Economía -  |z México -  |x Historia -  |y 2000-2006 
650 |a Política -  |z México -  |x Historia -  |y 2000-2006 
650 |a México -  |x Condiciones Sociales y Culturales 
650 |a México -  |x Condiciones Económicas 
700 |a Hernández Avila, Mauricio  |e (edición e introducción) 
700 |a Escobar Latapí, Agustín  |e (presentación) 
910 |a Fondo General 
920 |a Impresos - Libros 
930 |a Colección General 
905 |a 101 
901 |a 0500125680  |b IT1  |c ACC  |u 20250521 
902 |a https://opac.biblio.iteso.mx/vufind/Record/000184687